Poesie per un diverso e altre cose /

Guardat en:
Dades bibliogràfiques
Autor principal: Albisola, Giancarlo (Autor)
Format: Llibre
Idioma:italià
Publicat: Torre di Mosto : Rebellato, \1985!
Col·lecció:La sfera ; 30
Etiquetes: Afegir etiqueta
Sense etiquetes, Sigues el primer a etiquetar aquest registre!

MARC

LEADER 00000nam a22000007i 4500
001 IT\ICCU\CFI\0239504
003 ItRI
005 20260115232258.0
008 931008s1985 it |||||| ||||| |||||c
040 |b ita  |c importazione bologna sebina 
041 7 |a ita  |2 ISO-639-2 
100 1 |a Albisola, Giancarlo  |0 IT\ICCU\RAVV\027108  |4 aut 
245 1 0 |a Poesie per un diverso e altre cose /  |c Giancarlo Albisola. 
260 |a Torre di Mosto :  |b Rebellato,  |c \1985! 
300 |a 199 p. ;  |c 21 cm. 
790 1 |a Albisola Albertalli, Giancarlo  |3 IT\ICCU\AUFV\001375  |z Albisola, Giancarlo 
830 3 |a La sfera ;  |v 30  |0 IT\ICCU\CFI\0012066 
942 |2 ddc  |c BK  |n 0 
952 |0 0  |1 0  |4 0  |6 DOC_851_914000000000000_ALB  |7 0  |9 23459  |a BO  |b BO  |d 2026-01-15  |i 1002  |l 0  |o DOC 851.914 ALB  |p BO1002  |r 2026-01-15 23:22:58  |w 2026-01-15  |x [Sebina 5] [1 v.]  |y BK  |z 1 v. 
999 |c 19987  |d 19987